Tendering procedure for specialist sub-contractors (Record no. 89279)

MARC details
000 -LEADER
fixed length control field 00601cam a2200217 4500
001 - CONTROL NUMBER
control field D16303
008 - FIXED-LENGTH DATA ELEMENTS--GENERAL INFORMATION
fixed length control field 090401t1985 xxu||||| |||| 00| 0 eng d
035 ## - SYSTEM CONTROL NUMBER
System control number (Sirsi) u28460
041 ## - LANGUAGE CODE
Language code of text/sound track or separate title eng
050 ## - LIBRARY OF CONGRESS CALL NUMBER
Classification number 692.8
100 ## - MAIN ENTRY--PERSONAL NAME
Personal name Goodridge, D.B. et al
245 ## - TITLE STATEMENT
Title Tendering procedure for specialist sub-contractors
260 ## - PUBLICATION, DISTRIBUTION, ETC.
Place of publication, distribution, etc. London
Name of publisher, distributor, etc. Surveyors Publications
Date of publication, distribution, etc. 1985
300 ## - PHYSICAL DESCRIPTION
Extent 23p. 30cm
350 ## - PRICE (NR) (BK AM CF MU VM SE) [OBSOLETE]
Price 0
520 ## - SUMMARY, ETC.
Summary, etc. Filed in box RICS 1985/49 ABCD
710 ## - ADDED ENTRY--CORPORATE NAME
Corporate name or jurisdiction name as entry element Royal Institution of Chartered Surveyors
9 (RLIN) 4900
710 ## - ADDED ENTRY--CORPORATE NAME
Corporate name or jurisdiction name as entry element Building Surveyors Division
942 ## - ADDED ENTRY ELEMENTS (KOHA)
Suppress in OPAC 0
948 ## - LOCAL PROCESSING INFORMATION (OCLC); SERIES PART DESIGNATOR (RLIN)
c (OCLC) 04/03/1997
Holdings
Withdrawn status Lost status Source of classification or shelving scheme Damaged status Not for loan Home library Current library Shelving location Date acquired Total Checkouts Full call number Barcode Date last seen Copy number Price effective from Koha item type
    Other/Generic Classification Scheme     London London RICS Boxes 13/08/1991   RICS 1985/49 30007858 06/08/2019 1 06/08/2019 Book
    Other/Generic Classification Scheme     London London RICS Boxes 13/08/1991   RICS 1985/49 30007861 06/08/2019 2 06/08/2019 Book
    Other/Generic Classification Scheme     London London RICS Boxes 13/08/1991   RICS 1985/49 30007862 06/08/2019 3 06/08/2019 Reference material
    Other/Generic Classification Scheme     London London RICS Boxes 14/09/1999   RICS 1985/49 30025034 06/08/2019 4 06/08/2019 Archive